The Princess and the Frog: "Down in New Orleans (Prologue)" All lyrics - Statistics

General Stats
  • This quiz has been taken 13 times
  • The average score is 14 of 24
Answer Stats
Answer % Correct
in
100%
The
100%
the
100%
So
90%
There's
70%
a
60%
and
60%
And
60%
make
60%
star
60%
wish
60%
air
50%
bright
50%
evening
50%
hold
50%
is
50%
magic
50%
on
50%
shinning
50%
tight
50%
tonight
50%
anything
30%
can
30%
happen
30%
No matching quizzes found
Score Distribution
Percent of People with Each Score
Percentile by Number Answered
Your Score History
You have not taken this quiz